Adjudication in China - is it the answer? (Record no. 73198)

MARC details
000 -LEADER
fixed length control field 00947cam a2200193 4500
001 - CONTROL NUMBER
control field X123246
008 - FIXED-LENGTH DATA ELEMENTS--GENERAL INFORMATION
fixed length control field 030808n2003 000 0 eng u
035 ## - SYSTEM CONTROL NUMBER
System control number (Sirsi) u123246
100 ## - MAIN ENTRY--PERSONAL NAME
Personal name Wong, L.
245 ## - TITLE STATEMENT
Title Adjudication in China - is it the answer?
260 ## - PUBLICATION, DISTRIBUTION, ETC.
Date of publication, distribution, etc. 2003
490 ## - SERIES STATEMENT
Series statement RICS Dispute Resolution Faculty Feature
520 ## - SUMMARY, ETC.
Summary, etc. A report by the adjudicator on the first use of adjudication to resolve a construction dispute in China. Whilst litigation, arbitration and conciliation are widely used in China adjudication is a relatively new method of alternative dispute resolution in the country and is not covered by any legislation at present. View at www.rics.org/dr.
650 ## - SUBJECT ADDED ENTRY--TOPICAL TERM
Topical term or geographic name entry element MANAGEMENT-DISPUTE AVOIDANCE, MANAGEMENT AND RESOLUTION-DISPUTE MANAGEMENT AND RESOLUTION-ALTERNATIVE DISPUTE RESOLUTION-ADJUDICATION
650 ## - SUBJECT ADDED ENTRY--TOPICAL TERM
Topical term or geographic name entry element CHINA
650 ## - SUBJECT ADDED ENTRY--TOPICAL TERM
Topical term or geographic name entry element CONSTRUCTION DISPUTES
690 ## - LOCAL SUBJECT ADDED ENTRY--TOPICAL TERM (OCLC, RLIN)
Topical term or geographic name as entry element Dispute resolution
9 (RLIN) 6236
942 ## - ADDED ENTRY ELEMENTS (KOHA)
Suppress in OPAC 0
Holdings
Withdrawn status Lost status Source of classification or shelving scheme Damaged status Not for loan Home library Current library Shelving location Date acquired Total Checkouts Full call number Barcode Date last seen Copy number Price effective from Koha item type
    Dewey Decimal Classification     London London Journal article 08/08/2003   X123246 123246-1001 06/08/2019 1 06/08/2019 Journal article